Music Quiz

Random Music or Album Quiz

ACM Album of the Year Nominees Quiz Stats

 Plays Quiz not verified by Sporcle

Support Sporcle.
Go Orange.
Score 0/272 Timer 10:00
0 Plays Today
Hint Answer % Correct
Gentle on My MindGlen Campbell
95.7%
Burning BridgesGlen Campbell
95.7%
Wichita LinemanGlen Campbell
95.7%
G___ C___ LiveGlen Campbell
95.7%
J__ C__ at Folsom PrisonJohnny Cash
95.7%
G__ C__'s Goodtime AlbumGlen Campbell
95.7%
Rhinestone CowboyGlen Campbell
95.7%
Red Headed StrangerWillie Nelson
95.7%
Wanted: The OutlawsWillie Nelson
95.7%
Here You Come AgainDolly Parton
95.7%
StardustWillie Nelson
95.7%
W___ Sings KristoffersonWillie Nelson
95.7%
9 to 5 And Odd JobsDolly Parton
95.7%
Always On My MindWillie Nelson
95.7%
Poncho & LeftyWillie Nelson
95.7%
HighwaymanJohnny Cash
95.7%
HighwaymanWillie Nelson
95.7%
TrioDolly Parton
95.7%
No FencesGarth Brooks
95.7%
Ropin' the WindGarth Brooks
95.7%
The ChaseGarth Brooks
95.7%
In PiecesGarth Brooks
95.7%
The Woman In MeShania Twain
95.7%
SevensGarth Brooks
95.7%
Come On OverShania Twain
95.7%
Double LiveGarth Brooks
95.7%
American III: Solitary ManJohnny Cash
95.7%
Seven Year AcheRoseanne Cash
93.6%
Here In The Real WorldAlan Jackson
93.6%
Don't Rock the JukeboxAlan Jackson
93.6%
A Lot About Livin' (And A Little 'Bout Love)Alan Jackson
93.6%
Common Thread: Songs of the EaglesAlan Jackson
93.6%
Who I AmAlan Jackson
93.6%
Wide Open SpacesDixie Chicks
93.6%
FlyDixie Chicks
93.6%
DriveAlan Jackson
93.6%
HomeDixie Chicks
93.6%
Here For The PartyGretchen Wilson
93.6%
Wanted: The OutlawsWaylon Jennings
91.5%
Ol' W___Waylon Jennings
91.5%
Greatest Hits-W___Waylon Jennings
91.5%
HighwaymanWaylon Jennings
91.5%
Loving ProofRicky Van Shelton
91.5%
R__ V__ S___ IIIRicky Van Shelton
91.5%
BackroadsRicky Van Shelton
91.5%
Crazy Ex-GirlfriendMiranda Lambert
91.5%
RevolutionMiranda Lambert
91.5%
Four the RecordMiranda Lambert
91.5%
Based on a True StoryBlake Shelton
91.5%
PlatinumMiranda Lambert
91.5%
The Weight of These WingsMiranda Lambert
91.5%
Branded ManMerle Haggard
89.4%
I'm A Lonesome FugitiveMerle Haggard
89.4%
The Best of M___ H___Merle Haggard
89.4%
Mama TriedMerle Haggard
89.4%
Okie From MuskogeeMerle Haggard
89.4%
Fightin' Side of MeMerle Haggard
89.4%
Tribute to Best Damn Fiddle PlayerMerle Haggard
89.4%
The HagMerle Haggard
89.4%
Someday We'll Look BackMerle Haggard
89.4%
It's Not Love (But It's Not Bad)Merle Haggard
89.4%
Best of the BestMerle Haggard
89.4%
Let Me Tell You About A SongMerle Haggard
89.4%
Louisianna Woman, Mississippi ManConway Twitty & Loretta Lynn
89.4%
Love is the FoundationLoretta Lynn
89.4%
I Love Dixie BluesMerle Haggard
89.4%
They Don't Make 'em Like My DaddyLoretta Lynn
89.4%
Hags 30th AlbumMerle Haggard
89.4%
FeelinsConway Twitty & Loretta Lynn
89.4%
Keep Movin OnMerle Haggard
89.4%
Somebody SomewhereLoretta Lynn
89.4%
Going Where The Lonely GoMerle Haggard
89.4%
Poncho & LeftyMerle Haggard
89.4%
Not A Moment Too SoonTim McGraw
89.4%
All I WantTim McGraw
89.4%
EverywhereTim McGraw
89.4%
FaithFaith Hill
89.4%
BreatheFaith Hill
89.4%
A Place in the SunTim McGraw
89.4%
Set This Circus DownTim McGraw
89.4%
Live Like You Were DyingTim McGraw
89.4%
Two Lanes Of FreedomTim McGraw
89.4%
K__ R___Kenny Rogers
87.2%
Everytime Two Fools CollideKenny Rogers
87.2%
K___Kenny Rogers
87.2%
Greatest Hits-K__ R__Kenny Rogers
87.2%
Feel's So RightAlabama
87.2%
Still The Same Ole MeGeorge Jones
87.2%
Mountain MusicAlabama
87.2%
Love Will Turn You AroundKenny Rogers
87.2%
The Closer You GetAlabama
87.2%
Hint Answer % Correct
Roll OnAlabama
87.2%
Right Or WrongGeorge Strait
87.2%
Forty Hour WeekAlabama
87.2%
Does Ft. Worth Ever Cross Your MindGeorge Strait
87.2%
7George Strait
87.2%
Ocean Front PropertyGeorge Strait
87.2%
If You Ain't Lovin' You Ain't Livin'George Strait
87.2%
Pass It On DownAlabama
87.2%
When I Call Your NameVince Gill
87.2%
Brand New ManBrooks & Dunn
87.2%
Common Thread: Songs of the EaglesBrooks & Dunn
87.2%
Common Thread: Songs of the EaglesVince Gill
87.2%
Hard Workin' ManBrooks & Dunn
87.2%
I Still Believe In YouVince Gill
87.2%
When Love Finds YouVince Gill
87.2%
Waitin' On SundownBrooks & Dunn
87.2%
Lead OnGeorge Strait
87.2%
BoderlineBrooks & Dunn
87.2%
Blue Clear SkyGeorge Strait
87.2%
Carrying Your Love With MeGeorge Strait
87.2%
One Step At A TimeGeorge Strait
87.2%
Cold Hard TruthGeorge Jones
87.2%
How Do You Like Me Now?!Toby Keith
87.2%
Steers & StripesBrooks & Dunn
87.2%
Pull My ChainToby Keith
87.2%
UnleashedToby Keith
87.2%
Red Dirt RoadBrooks & Dunn
87.2%
HonytonkvilleGeorge Strait
87.2%
Shock 'N Y'allToby Keith
87.2%
Hillbilly DeluxeBrooks & Dunn
87.2%
Some HeartsCarrie Underwood
87.2%
It Just Comes NaturalGeorge Strait
87.2%
These DaysVince Gill
87.2%
T___ S___Taylor Swift
87.2%
Carnival RideCarrie Underwood
87.2%
TroubadourGeorge Strait
87.2%
FearlessTaylor Swift
87.2%
Play OnCarrie Underwood
87.2%
Speak NowTaylor Swift
87.2%
Blown AwayCarrie Underwood
87.2%
RedTaylor Swift
87.2%
Guitars, Cadillac's Etc.Dwight Yoakam
85.1%
TrioLinda Ronstadt
85.1%
Buenos Noches From A Lonely RoomDwight Yoakam
85.1%
Killin' TimeClint Black
85.1%
Some Gave AllBilly Ray Cyrus
85.1%
Common Thread: Songs of the EaglesClint Black
85.1%
Common Thread: Songs of the EaglesTrisha Yearwood
85.1%
It Won't Be The LastBilly Ray Cyrus
85.1%
This TimeDwight Yoakam
85.1%
BlueLeAnn Rimes
85.1%
No Shoes, No Shirt, No ProblemsKenny Chesney
85.1%
When the Sun Goes DownKenny Chesney
85.1%
Just Who I Am: Poets & PiratesKenny Chesney
85.1%
Hemingway's WhiskeyKenny Chesney
85.1%
My Kinda PartyJason Aldean
85.1%
Old Boots, New DirtJason Aldean
85.1%
Best of C___ P___Charley Pride
83%
T___ W___'s Greatest HitsTammy Wynette
83%
C___ P___'s 10th AlbumCharley Pride
83%
C__ P__ Sings Heart SongsCharley Pride
83%
There's A Little Bit Of Hank In MeCharley Pride
83%
Why Not MeThe Judds
83%
Storms of LifeRandy Travis
83%
Rockin' With The RhythmThe Judds
83%
Always and ForeverRandy Travis
83%
Heart LandThe Judds
83%
Old 8 x 10Randy Travis
83%
It's All About To ChangeTravis Tritt
83%
Common Thread: Songs of the EaglesTravis Tritt
83%
Who Needs PicturesBrad Paisley
83%
I Hope You DanceLee Ann Womack
83%
Down the Road I GoTravis Tritt
83%
Mud on the TiresBrad Paisley
83%
Time Well WastedBrad Paisley
83%
There's More Where That Came FromLee Ann Womack
83%
5th GearBrad Paisley
83%
American Saturday NightBrad Paisley
83%
Blue Kentucky GirlEmmylou Harris
80.9%
I Believe In YouDon Williams
80.9%
Listen To The RadioDon Williams
80.9%
TrioEmmylou Harris
80.9%
Be HereKeith Urban
80.9%
L__ A__Lady Antebellum
80.9%
Need You NowLady Antebellum
80.9%
Own the NightLady Antebellum
80.9%
Tailgates & TanlinesLuke Bryan
80.9%
Crash My PartyLuke Bryan
80.9%
RipcordKeith Urban
80.9%
Behind Closed DoorsCharlie Rich
78.7%
Now & ThenConway Twitty
78.7%
Hint Answer % Correct
C__ T___'s Greatest Hits Vol. IIConway Twitty
78.7%
WynonnaWynonna
78.7%
Come On, Come OnMary Chapin Carpenter
78.7%
Stones in the RoadMary Chapin Carpenter
78.7%
Time Marches OnTracy Lawrence
78.7%
Feels Like TodayRascal Flatts
78.7%
Me and My GangRascal Flatts
78.7%
TravellerChris Stapleton
78.7%
HighwaymanKris Kristofferson
76.6%
One VoiceBilly Gilman
76.6%
Up on the RidgeDierks Bentley
76.6%
ChiefEric Church
76.6%
RiserDierks Bentley
76.6%
The OutsidersEric Church
76.6%
Mr. MisunderstoodEric Church
76.6%
BlackDierks Bentley
76.6%
Urban CowboySoundtrack
74.5%
Coal Miner's DaughterSoundtrack
74.5%
Man Of SteelHank Williams Jr.
74.5%
Five-OHank Williams Jr.
74.5%
Born To BoogieHank Williams Jr.
74.5%
When Fallen Angels FlyPatty Loveless
74.5%
The Trouble With The TruthPatty Loveless
74.5%
Long Stretch LonesomePatty Loveless
74.5%
O' Brother, Where Art Thou? Soundtrack
74.5%
M____Martina McBride
74.5%
That Lonesome SongJamey Johnson
74.5%
The Guitar SongJamey Johnson
74.5%
Same Trailer Different ParkKacey Musgraves
74.5%
Waitin' For The Sun To ShineRicky Skaggs
72.3%
Wild & BlueJohn Anderson
72.3%
Highways & HeartachesRicky Skaggs
72.3%
Don't Cheat in Our HometownRicky Skaggs
72.3%
Live in LondonRicky Skaggs
72.3%
Willow In The WindKathy Mattea
72.3%
Common Thread: Songs of the EaglesJohn Anderson
72.3%
I'm AlrightJo Dee Messina
72.3%
The FoundationZac Brown Band
72.3%
You Get What You GiveZac Brown Band
72.3%
Country BumpkinCal Smith
70.2%
Will The Circle Be Unbroken Vol IINitty Gritty Dirt Band
70.2%
Common Thread: Songs of the EaglesDiamond Rio
70.2%
If You're Going Through HellRodney Atkins
70.2%
TornadoLittle Big Town
70.2%
Pain KillerLittle Big Town
70.2%
For the Good TimesRay Price
68.1%
I Won't Mention It AgainRay Price
68.1%
Baby Don't Get Hooked On MeMac Davis
68.1%
Back Home AgainJohn Denver
68.1%
Ya'll Come Back SaloonOak Ridge Boys
68.1%
Fancy FreeOak Ridge Boys
68.1%
Common Thread: Songs of the EaglesLorrie Morgan
68.1%
RestlessSara Evans
68.1%
Twice The Speed of LifeSugarland
68.1%
MontevalloSam Hunt
68.1%
Happiest Girl in the Whole USADonna Fargo
66%
Wanted: The OutlawsJessi Colter
66%
El Paso CityMarty Robbins
66%
Gilley's SmokingMickey Gilley
66%
Everytime Two Fools CollideDottie West
66%
This WomanK.T. Oslin
66%
Chiseled In StoneVern Gosdin
66%
Here's To The Good TimesFlorida Georgia Line
66%
Dig Your RootsFlorida Georgia Line
66%
Best of B___ O___Buck Owens
63.8%
Before the Next Teardrop FallsFrendy Fender
63.8%
It Was Almost Like A SongRonnie Milsap
63.8%
Common Thread: Songs of the EaglesTanya Tucker
63.8%
Back When I Knew It AllMontgomery Gentry
63.8%
Moody BlueElvis Presley
61.7%
Diamonds & DirtRodney Crowell
61.7%
Common Thread: Songs of the EaglesSuzy Bogguss
61.7%
Ride With BobAsleep at the Wheel
61.7%
Tough All OverGary Allan
61.7%
Wanted: The OutlawsTom Paul Glaser
59.6%
G__ C___ & B___ G__Glen Campbell & Bobby Gentry
57.4%
On A MissionTrick Pony
57.4%
I'm Comin' OverChris Young
57.4%
It's Such A Pretty World TodayWynn Stewart
55.3%
Easy Lovin'Freddie Hart
55.3%
Bless Your HeartFreddie Hart
55.3%
Common Thread: Songs of the EaglesBilly Dean
55.3%
Common Thread: Songs of the EaglesLittle Texas
55.3%
HeroMaren Morris
55.3%
Introducing J___ R___Johnny Rodriguez
51.1%
Tangled UpThomas Rhett
48.9%
Straight AheadLarry Gatlin
36.2%
For the Last TimeBob Wills
31.9%
Don't Make It Easy On MeEarl Thomas Conley
25.5%
Let's Keep It That WayAnne Murray
4.3%

You're not logged in!

Compare scores with friends on all Sporcle quizzes.
OR
Log In

From the Vault

Monty Python Cheese Shop Cheeses

by Matt

When you're feeling rather peckish, you can always count on the fermented curd to keep the 'unger away.
Remove Ads.
Support Sporcle.
Get the best of Sporcle when you Go Orange. This ad-free experience offers more features, more stats, and more fun while also helping to support Sporcle. Thank you for becoming a member.

Show Comments

Extras

Created Dec 1, 2017ReportNominate
Tags:Album Quiz, Nominee Quiz, ACM

Top Quizzes Today


Score Distribution

Your Account Isn't Verified!

In order to create a playlist on Sporcle, you need to verify the email address you used during registration. Go to your Sporcle Settings to finish the process.

Report this User

Report this user for behavior that violates our Community Guidelines.

Details: